000
00234nam a2200097Ia 4500
001
712203
005
20250826162823.0
008
250824s9999 xx 000 0 und d
245
0
_a
TAŞRALI
_c
NURETTİN TOPÇU
260
_b
DERGAH YAYINLARI
999
_c
712203
_d
712203